How to respond to strangeness in art : (Record no. 17456)

000 -LEADER
fixed length control field 01287cam a2200301 a 4500
001 - CONTROL NUMBER
control field 14586132
003 - CONTROL NUMBER IDENTIFIER
control field OSt
005 - DATE AND TIME OF LATEST TRANSACTION
control field 20161126110844.0
008 - FIXED-LENGTH DATA ELEMENTS--GENERAL INFORMATION
fixed length control field 061006s2006 nyuaf b 001 0 eng
010 ## - LIBRARY OF CONGRESS CONTROL NUMBER
LC control number 2006046917
020 ## - INTERNATIONAL STANDARD BOOK NUMBER
International Standard Book Number 0773457798
020 ## - INTERNATIONAL STANDARD BOOK NUMBER
International Standard Book Number 9780773457799
035 ## - SYSTEM CONTROL NUMBER
System control number (OCoLC)ocm72988988
035 ## - SYSTEM CONTROL NUMBER
System control number (OCoLC)72988988
040 ## - CATALOGING SOURCE
Original cataloging agency DLC
Transcribing agency DLC
Modifying agency YDX
-- BAKER
-- DLC
050 00 - LIBRARY OF CONGRESS CALL NUMBER
Classification number NX175
Item number .G74 2006
082 00 - DEWEY DECIMAL CLASSIFICATION NUMBER
Classification number 700.9
Edition number 22
100 1# - MAIN ENTRY--PERSONAL NAME
Personal name Greene, David B.
245 10 - TITLE STATEMENT
Title How to respond to strangeness in art :
Remainder of title four studies in the unfamiliar /
Statement of responsibility, etc. David B. Greene.
260 ## - PUBLICATION, DISTRIBUTION, ETC. (IMPRINT)
Place of publication, distribution, etc. Lewiston, N.Y. :
Name of publisher, distributor, etc. Edwin Mellen Press,
Date of publication, distribution, etc. c2006.
300 ## - PHYSICAL DESCRIPTION
Extent iv, 156 p., [36] p. of plates :
Other physical details ill. (some col.) ;
Dimensions 24 cm.
504 ## - BIBLIOGRAPHY, ETC. NOTE
Bibliography, etc Includes bibliographical references (p. 149-151) and index.
650 #0 - SUBJECT ADDED ENTRY--TOPICAL TERM
Topical term or geographic name as entry element Arts
Form subdivision Cross-cultural studies.
650 #0 - SUBJECT ADDED ENTRY--TOPICAL TERM
Topical term or geographic name as entry element Multiculturalism in art
Form subdivision Case studies.
856 41 - ELECTRONIC LOCATION AND ACCESS
Materials specified Table of contents only
Uniform Resource Identifier <a href="http://www.loc.gov/catdir/toc/fy0704/2006046917.html">http://www.loc.gov/catdir/toc/fy0704/2006046917.html</a>
906 ## - LOCAL DATA ELEMENT F, LDF (RLIN)
a 7
b cbc
c orignew
d 1
e ocip
f 20
g y-gencatlg
942 ## - ADDED ENTRY ELEMENTS (KOHA)
Source of classification or shelving scheme
Koha item type Hard Covered Materials
Classification part NX 175 .G74 2006
Holdings
Withdrawn status Lost status Source of classification or shelving scheme Damaged status Not for loan Home library Current library Shelving location Date acquired Source of acquisition Total Checkouts Full call number Barcode Date last seen Price effective from Koha item type
          MACHAKOS UNIVERSITY LIBRARY MACHAKOS UNIVERSITY LIBRARY Open shelf 26/11/2016 Donation (BFA)   NX 175 .G74 2006 28052 26/11/2016 26/11/2016 Hard Covered Materials
© Machakos University Library, Along The Highway, Machakos Wote Rd, Machakos, Kenya P.O. Box 136 - 90100 Machakos - Kenya

Tel: ( +254 ) 723 805829 OR Fax : 044-20353 OR Email: library@mksu.ac.ke